| 000 | 00641nam a2200181 i 4500 | ||
|---|---|---|---|
| 001 | 69585 | ||
| 003 | ES-MaACL | ||
| 005 | 20230906170544.0 | ||
| 007 | t| | ||
| 008 | 040707s1964 sp ||||1| spa d | ||
| 100 | 1 |
_aGarcía Escudero, José María. _954570 |
|
| 245 | 1 | 0 |
_aPalabras a la Semana de Cine Religioso y de Valores Humanos / _cJosé María García Escudero. |
| 260 |
_aValladolid : _b[Semana de Cine Religioso y de Valores Humanos, _c1964 ( _eMadrid : _fGráf. Cinema) |
||
| 300 |
_a40 p. ; _c22 cm. |
||
| 650 | 0 | 0 |
_aCine- _xAspectos religiosos. _911014 |
| 650 | 0 | 0 |
_aCine- _xAspectos sociales. _911015 |
| 852 |
_aES-MaACL _j2061-F-19 |
||
| 999 |
_c69585 _d69585 |
||